Obrazki na literę H - Statystyki

Ogólne statystyki
  • Ten quiz został rozwiązany 53 razy
  • Średni wynik to 10 z 16
Statystyki odpowiedzi
Obrazkowy Hint Odpowiedź % Poprawnych
Rzecz Hantel
98%
Państwo Holandia
98%
Film Hobbit
91%
Rzecz Hak
87%
Zwierzę Hiena
87%
Zwierzę Hipopotam
85%
Gatunek muzyczny Hymn
79%
Miasto w Niemczech Hamburg
74%
Roślina Hiacynt
74%
Państwo Honduras
70%
Stan USA Hawaje
68%
Stolica Helsinki
45%
Gra wideo Halo
23%
Nauka Hematologia
23%
Gra wideo Half-Live
6%
Pasta z chili Harissa
6%
Nie znaleziono quizów pasujących do podanych kryteriów
Rozkład punktacji
Procent ludzi z każdym wynikiem
Percentyl według liczby udzielonych odpowiedzi
Twoja historia wyników
Nie rozwiązałeś tego quizu